Belice: entre Centroamérica y el Caribe /
Gorde:
| Egile nagusia: | |
|---|---|
| Formatua: | Texto |
| Gaiak: | |
| Etiketak: |
Etiketa erantsi
Etiketarik gabe, Izan zaitez lehena erregistro honi etiketa jartzen!
|
MARC
| LEADER | 00000 a a2200000 04500 | ||
|---|---|---|---|
| 001 | 10452 | ||
| 003 | |||
| 040 | |||
| 100 | |a Aguilera Peralta, Gabriel | ||
| 245 | |a Belice: entre Centroamérica y el Caribe / |c Gabriel Aguilera Peralta | ||
| 650 | |a DEMOCRACIA | ||
| 650 | |a INTEGRACION REGIONAL | ||
| 650 | |a POLITICA EXTERIOR | ||
| 650 | |a POLITICA GUBERNAMENTAL | ||
| 650 | |a COMERCIO INTERNACIONAL | ||
| 650 | |a POLITICA | ||
| 773 | |g número 115; páginas 6-10 | ||
| 999 | |c 25763 |d 25763 | ||
